| 000 | 00510nam a2200193Ia 4500 | ||
|---|---|---|---|
| 005 | 20250508160007.0 | ||
| 008 | 008 250505s9999 xx 000 0 eng d | ||
| 037 | _aBooks to be hide in OPAC | ||
| 040 |
_aFEDL _beng _cFEDL |
||
| 041 |
_aeng _2eng |
||
| 084 |
_a370, IND/O _qFEDL |
||
| 245 | 0 | _aOccasional reports no.4 | |
| 245 | 0 | _cINDIA. EDUCATION (Director General of ) | |
| 260 | _c1906 | ||
| 300 | _a211p. | ||
| 365 |
_aINR _b2 |
||
| 942 |
_cHB _h370, IND/O |
||
| 999 |
_c1360796 _d1360796 |
||